Derecho procesal administrativo : (Registro nro. 19233)

Detalles MARC
000 -LEADER
fixed length control field 01253cam a2200289 a 4500
005 - DATE AND TIME OF LATEST TRANSACTION
control field 20250331184426.0
008 - FIXED-LENGTH DATA ELEMENTS--GENERAL INFORMATION
fixed length control field 210514s2021 ck gr 001 0dspa
015 ## - NATIONAL BIBLIOGRAPHY NUMBER
National bibliography number ck-2021-xxxx
020 ## - INTERNATIONAL STANDARD BOOK NUMBER
International Standard Book Number 978-958-53395-2-1
040 ## - CATALOGING SOURCE
Original cataloging agency CO-CtgCURN
Language of cataloging spa
Transcribing agency coctgcurn
082 04 - DEWEY DECIMAL CLASSIFICATION NUMBER
Classification number 342.861066
Item number P153
Edition information 23
100 1# - MAIN ENTRY--PERSONAL NAME
Personal name Palacio Hincapié, Juan Ángel,
Dates associated with a name 1951-
245 10 - TITLE STATEMENT
Title Derecho procesal administrativo :
Remainder of title contiene la reforma de la ley 2080 de 2021 /
Statement of responsibility, etc. Juan Ángel Palacio Hincapié.
250 ## - EDITION STATEMENT
Edition statement Undécima edición.
260 ## - PUBLICATION, DISTRIBUTION, ETC.
Place of publication, distribution, etc. Medellín :
Name of publisher, distributor, etc. Palacio & Abogados Asesores :
-- Lijursánchez,
Date of publication, distribution, etc. 2021.
300 ## - PHYSICAL DESCRIPTION
Extent 1087 páginas.
500 ## - GENERAL NOTE
General note Incluye datos curriculares del autor.
500 ## - GENERAL NOTE
General note Incluye índice analítico.
504 ## - BIBLIOGRAPHY, ETC. NOTE
Bibliography, etc. note Bibliografía: p. 1057-1061.
505 20 - FORMATTED CONTENTS NOTE
Formatted contents note Título I. Aspectos generales -- Título II. Presupuestos procesales -- Título III. Las acciones contenciosas -- Título IV. El proceso ordinario.
630 00 - SUBJECT ADDED ENTRY--UNIFORM TITLE
Uniform title Ley 2080 de 2021.
650 14 - SUBJECT ADDED ENTRY--TOPICAL TERM
Topical term or geographic name entry element Procedimiento administrativo
General subdivision Legislación
Geographic subdivision Colombia.
650 24 - SUBJECT ADDED ENTRY--TOPICAL TERM
Topical term or geographic name entry element Derecho administrativo
Geographic subdivision Colombia.
650 24 - SUBJECT ADDED ENTRY--TOPICAL TERM
Topical term or geographic name entry element Derecho procesal
Geographic subdivision Colombia.
942 ## - ADDED ENTRY ELEMENTS (KOHA)
Koha issues (borrowed), all copies 0
Source of classification or shelving scheme Dewey Decimal Classification
-- 0
Institution code [OBSOLETE] MHC
Koha item type
Classification part 342.861066
Item part P153
Existencias
Withdrawn status Lost status Source of classification or shelving scheme Damaged status Not for loan Collection Home library Current library Shelving location Date acquired Inventory number Total checkouts Full call number Barcode Date last seen Copy number Price effective from Koha item type Public note
    Dewey Decimal Classification     General Miguel Henríquez Castañeda Miguel Henríquez Castañeda General 03/31/2025 024618   342.861066 P153 024618 03/31/2025 ej.1 03/31/2025 Libros 340-DEREC